Online
Catalog

Autos sacramentales / (Record no. 18307)

MARC details
000 -CABECERA
campo de control de longitud fija 00944cam a2200229 a 4500
001 - NÚMERO DE CONTROL
campo de control 000018787
005 - FECHA Y HORA DE LA ÚLTIMA TRANSACCIÓN
campo de control 20200929165846.0
008 - DATOS DE LONGITUD FIJA--INFORMACIÓN GENERAL
campo de control de longitud fija 100518s1967 sp 000 0 spa d
040 ## - FUENTE DE LA CATALOGACIÓN
Centro catalogador/agencia de origen DO-SdBNP
Lengua de catalogación spa
Centro/agencia transcriptor BNPHU
082 ## - NÚMERO DE LA CLASIFICACIÓN DECIMAL DEWEY
Número de clasificación xxx
Número de documento/Ítem C146a
049 ## - FONDOS LOCALES (OCLC)
Fondos de biblioteca BNGR
100 1# - ENTRADA PRINCIPAL--NOMBRE DE PERSONA
Nombre de persona Calderón de la Barca
Forma completa/desarrollada del nombre Pedro Calderón de la Barca
9 (RLIN) 40517
245 10 - MENCIÓN DE TÍTULO
Título Autos sacramentales /
Mención de responsabilidad, etc. Calderón de la Barca; edición, prólogo y notas Ángel Valbuena Prat.
250 ## - MENCIÓN DE EDICIÓN
Mención de edición 5a ed.
260 ## - PUBLICACIÓN, DISTRIBUCIÓN, ETC.
Lugar de publicación, distribución, etc. Madrid :
Nombre del editor, distribuidor, etc. Espasa-Calpe,
Fecha de publicación, distribución, etc. 1967.
300 ## - DESCRIPCIÓN FÍSICA
Extensión 2 v. ;
Dimensiones 18 cm.
490 #0 - MENCIÓN DE SERIE
Mención de serie Clásicos castellanos
Designación de volumen o secuencia 69
500 ## - NOTA GENERAL
Nota general I--La cena del rey Balatasar-- El gran teatro del mundo-- La vida es sueño, II-- El pleito matrimonial del cuerpo y el alma-- Los encantos de la culpa-- Tu prójimo como a ti.
504 ## - NOTA DE BIBLIOGRAFÍA, ETC.
Nota de bibliografía, etc. Incluye referencias bibliográficas y notas al pie de páginas.
700 1# - PUNTO DE ACCESO ADICIONAL--NOMBRE DE PERSONA
Nombre de persona Valbuena Prat, Ángel
Numeración ed.
9 (RLIN) 36751
830 #0 - PUNTO DE ACCESO ADICIONAL DE SERIE-TÍTULO UNIFORME
Título uniforme Clásicos castellanos;
Designación de volumen o secuencia 69
9 (RLIN) 4180
Holdings
Estado de retiro Estado de pérdida Restricciones de uso No para préstamo Código de colección Localización permanente Ubicación/localización actual Ubicación en estantería Fecha de adquisición Número de inventario Total de préstamos Signatura topográfica completa Código de barras Fecha visto por última vez Precio válido a partir de Tipo de ítem Koha
        Monografías: Libros y Folletos General General En catalogación 18.05.2010 LF1   v. 1 18787-10 25.06.2020 25.06.2020 Préstamo en sala
        Monografías: Libros y Folletos General General En catalogación 18.05.2010 LF1   v. 2 18787-20 25.06.2020 25.06.2020 Préstamo en sala

Powered by Koha